000 00529nam a2200157 4500
999 _c11083
_d11083
008 181011b ||||| |||| 00| 0 eng d
022 _a16565649
082 _aDPer 303.405 H22 June -Sept 2016 v.12 n. 7-10
100 _932078
_aWanzi, Koh.
245 _aChoose your weapon/
_cKoh Wanzi.
260 _aQuezon City:
_bHardware Zone Phils. Corp.,
_c©June -Sept 2016.
300 _av12 n10, pages 64-73:
_billustrations;
_c28 cm.
650 0 _932080
_aComputer peripherals
_xMouse.
650 0 _aTechnology
_936750
942 _2ddc
_cPER